[Event "Vitoria Espirito Santo 3rd"]
[Site "Vitoria"]
[Date "2010.06.12"]
[Round "2.9"]
[White "Almeida, Sergio Ribeiro"]
[Black "Schmidt, Osmar Raulino"]
[Result "0-1"]
[WhiteElo "1800"]
[BlackElo "1856"]
[PlyCount "97"]
[EventDate "2010.06.12"]
[EventType "swiss"]
[EventRounds "5"]
[EventCountry "BRA"]
[SourceTitle "EXT 2022"]
[Source "ChessBase"]
[SourceDate "2021.10.06"]
[SourceVersion "1"]
[SourceVersionDate "2021.10.06"]
[SourceQuality "1"]

1. e4 c5 2. Nf3 d6 3. Bb5+ Bd7 4. Nc3 Nf6 5. d3 e6 6. 0-0 Be7 7. a4 a6 8. Bc4 Nc6 9. Re1 0-0 10. e5 dxe5 11. Nxe5 Nxe5 12. Rxe5 Bd6 13. Re1 h6 14. Ne4 Nxe4 15. dxe4 Be5 16. c3 Qc7 17. h3 Rad8 18. Qe2 Bc6 19. g3 Bxg3 20. Bxh6 Bf4 21. Bxf4 Qxf4 22. Qg4 Qxg4+ 23. hxg4 Rd2 24. b4 cxb4 25. cxb4 Rd4 26. Be2 Rxe4 27. b5 axb5 28. axb5 Bd5 29. f3 Rb4 30. Rab1 Ra4 31. Kf2 g6 32. Bd3 Rc8 33. Be4 b6 34. Bxd5 exd5 35. Rb2 Kf8 36. Re3 Rc5 37. Ke2 Ra5 38. Reb3 Ke7 39. Kd3 Kd6 40. f4 Rc4 41. Rc3 Raa4 42. Rbc2 Kc5 43. f5 g5 44. f6 Rxc3+ 45. Rxc3+ Rc4 46. Rb3 Rxg4 47. Rc3+ Rc4 48. Rb3 d4 49. Ke4 0-1

[Event "Vitoria Espirito Santo 2nd"]
[Site "Vitoria"]
[Date "2010.05.08"]
[Round "3.3"]
[White "Vieira, Paulo Cesar"]
[Black "Schmidt, Osmar Raulino"]
[Result "1-0"]
[WhiteElo "1987"]
[BlackElo "1856"]
[PlyCount "115"]
[EventDate "2010.05.08"]
[EventType "swiss"]
[EventRounds "5"]
[EventCountry "BRA"]
[SourceTitle "EXT 2022"]
[Source "ChessBase"]
[SourceDate "2021.10.06"]
[SourceVersion "1"]
[SourceVersionDate "2021.10.06"]
[SourceQuality "1"]

1. e4 c5 2. Nc3 Nc6 3. g3 g6 4. Bg2 Bg7 5. d3 e6 6. f4 Nge7 7. Nf3 d6 8. Be3 Bd7 9. 0-0 0-0 10. Qd2 a6 11. Rae1 b5 12. e5 Nf5 13. Bf2 b4 14. Nd1 Qb6 15. g4 Nfd4 16. c3 bxc3 17. bxc3 Nxf3+ 18. Bxf3 dxe5 19. fxe5 Rac8 20. d4 cxd4 21. cxd4 Qc7 22. Nc3 Ne7 23. Rc1 Qa5 24. Ne4 Qxd2 25. Nxd2 Nd5 26. Ne4 Rxc1 27. Rxc1 f5 28. Nc5 Bc8 29. Bxd5 exd5 30. g5 Re8 31. Nd3 Bf8 32. Nf4 Bb7 33. h4 a5 34. h5 Kg7 35. Rc7+ Re7 36. Rc5 Rxe5 37. Rxa5 Re7 38. hxg6 hxg6 39. Nxd5 Rd7 40. Nf6 Rf7 41. d5 Bb4 42. Ra4 Bc3 43. Bd4 Bxd4+ 44. Rxd4 Bc8 45. d6 Bd7 46. a4 Rxf6 47. gxf6+ Kxf6 48. a5 Ke6 49. a6 Bc6 50. d7 Bxd7 51. Rxd7 Kxd7 52. a7 Ke6 53. a8Q Kf6 54. Qf8+ Kg5 55. Kf2 Kg4 56. Qf6 g5 57. Qd4+ f4 58. Qd7+ 1-0

[Event "Estadual-ch"]
[Site "Vitoria"]
[Date "2009.11.28"]
[Round "2.4"]
[White "Vieira, Paulo Cesar"]
[Black "Schmidt, Osmar Raulino"]
[Result "1-0"]
[WhiteElo "1992"]
[BlackElo "1873"]
[PlyCount "36"]
[EventDate "2009.11.20"]
[EventType "swiss"]
[EventRounds "7"]
[EventCountry "BRA"]
[SourceTitle "EXT 2022"]
[Source "ChessBase"]
[SourceDate "2021.10.06"]
[SourceVersion "1"]
[SourceVersionDate "2021.10.06"]
[SourceQuality "1"]

1. e4 c5 2. Nc3 Nc6 3. g3 g6 4. Bg2 Bg7 5. d3 e6 6. f4 Nge7 7. Nf3 d5 8. e5 b5 9. 0-0 b4 10. Nb5 0-0 11. Nd6 Ba6 12. Be3 d4 13. Bf2 Rb8 14. Qe2 Bb7 15. Nd2 Qd7 16. N2e4 Ba8 17. Nxc5 Qd8 18. g4 Rb5 1-0

[Event "Vitoria ECXA 2nd"]
[Site "Vitoria"]
[Date "2009.07.16"]
[Round "6.4"]
[White "Schmidt, Osmar Raulino"]
[Black "Estolano, Edilson"]
[Result "1-0"]
[WhiteElo "1855"]
[BlackElo "1878"]
[PlyCount "89"]
[EventDate "2009.07.07"]
[EventType "tourn"]
[EventRounds "9"]
[EventCountry "BRA"]
[SourceTitle "EXT 2022"]
[Source "ChessBase"]
[SourceDate "2021.10.06"]
[SourceVersion "1"]
[SourceVersionDate "2021.10.06"]
[SourceQuality "1"]

1. d4 d5 2. Bf4 Nf6 3. Nf3 e6 4. e3 c6 5. h3 Nbd7 6. Nbd2 Qb6 7. Rb1 Be7 8. Bd3 c5 9. c3 Qa5 10. a3 c4 11. Bc2 b5 12. Ne5 Qb6 13. Ndf3 h6 14. h4 a5 15. g4 Ra7 16. Ke2 Nxe5 17. Nxe5 Bd6 18. g5 Nd7 19. gxh6 gxh6 20. Qg1 Bf8 21. Qg3 Nf6 22. Qf3 Ne4 23. Bxe4 dxe4 24. Qh5 Qb7 25. Rhg1 Qd5 26. Qg4 h5 27. Qh3 Rb7 28. f3 b4 29. fxe4 Qxe4 30. Qg2 Qc2+ 31. Kf3 Qb3 32. Nc6 Qa4 33. Ne5 Qb3 34. axb4 axb4 35. cxb4 Rxb4 36. Qg5 Bb7+ 37. Kg3 Qc2 38. Kh3 c3 39. Qf6 Qh7 40. Bg5 Qf5+ 41. Qxf5 exf5 42. bxc3 Be4 43. Rxb4 Bxb4 44. cxb4 Rg8 45. Rc1 1-0

[Event "Vitoria ECXA 2nd"]
[Site "Vitoria"]
[Date "2009.07.14"]
[Round "5.2"]
[White "Cantarino Neto, Mario Ribeiro"]
[Black "Schmidt, Osmar Raulino"]
[Result "1-0"]
[WhiteElo "2143"]
[BlackElo "1855"]
[PlyCount "31"]
[EventDate "2009.07.07"]
[EventType "tourn"]
[EventRounds "9"]
[EventCountry "BRA"]
[SourceTitle "EXT 2022"]
[Source "ChessBase"]
[SourceDate "2021.10.06"]
[SourceVersion "1"]
[SourceVersionDate "2021.10.06"]
[SourceQuality "1"]

1. d4 Nf6 2. c4 g6 3. Nc3 d5 4. Bf4 Bg7 5. Nf3 0-0 6. Rc1 c6 7. e3 Nh5 8. Be5 f6 9. Bxb8 Rxb8 10. cxd5 f5 11. dxc6 bxc6 12. Bc4+ e6 13. 0-0 Nf6 14. Ne5 Bd7 15. Qa4 c5 16. Nxd7 1-0

[Event "Vitoria ECXA 2nd"]
[Site "Vitoria"]
[Date "2009.07.13"]
[Round "4.5"]
[White "Schmidt, Osmar Raulino"]
[Black "Torrezani, Eduardo de Moraes"]
[Result "1-0"]
[WhiteElo "1855"]
[BlackElo "2023"]
[PlyCount "25"]
[EventDate "2009.07.07"]
[EventType "tourn"]
[EventRounds "9"]
[EventCountry "BRA"]
[SourceTitle "EXT 2022"]
[Source "ChessBase"]
[SourceDate "2021.10.06"]
[SourceVersion "1"]
[SourceVersionDate "2021.10.06"]
[SourceQuality "1"]

1. d4 d5 2. Bf4 Nf6 3. Nf3 e6 4. e3 c5 5. c3 Nc6 6. Nbd2 h6 7. Bd3 Nh5 8. Be5 cxd4 9. exd4 Nxe5 10. Nxe5 Nf6 11. Qa4+ Bd7 12. Nxd7 Qxd7 13. Bb5 1-0

[Event "Vitoria ECXA 2nd"]
[Site "Vitoria"]
[Date "2009.07.07"]
[Round "2.5"]
[White "Lahud, Tarcisio Jose"]
[Black "Schmidt, Osmar Raulino"]
[Result "1-0"]
[WhiteElo "1947"]
[BlackElo "1855"]
[PlyCount "34"]
[EventDate "2009.07.07"]
[EventType "tourn"]
[EventRounds "9"]
[EventCountry "BRA"]
[SourceTitle "EXT 2022"]
[Source "ChessBase"]
[SourceDate "2021.10.06"]
[SourceVersion "1"]
[SourceVersionDate "2021.10.06"]
[SourceQuality "1"]

1. d4 Nf6 2. Nf3 g6 3. b3 c5 4. e3 Bg7 5. Bb2 0-0 6. Bd3 cxd4 7. exd4 d5 8. h3 b6 9. 0-0 Ba6 10. Bxa6 Nxa6 11. Nbd2 Qc7 12. Qe2 Nb8 13. c4 dxc4 14. Nxc4 e6 15. Rac1 Qd8 16. Ba3 Re8 17. Nd6 Re7 1-0

[Event "Vitoria ECXA 1st"]
[Site "Vitoria"]
[Date "2009.01.30"]
[Round "9.1"]
[White "Schmidt, Osmar Raulino"]
[Black "Cantarino Neto, Mario Ribeiro"]
[Result "1/2-1/2"]
[WhiteElo "1828"]
[BlackElo "2116"]
[PlyCount "115"]
[EventDate "2009.01.24"]
[EventType "tourn"]
[EventRounds "10"]
[EventCountry "BRA"]
[SourceTitle "EXT 2022"]
[Source "ChessBase"]
[SourceDate "2021.10.06"]
[SourceVersion "1"]
[SourceVersionDate "2021.10.06"]
[SourceQuality "1"]

1. d4 Nf6 2. Bf4 d6 3. Nf3 c6 4. Nc3 Qa5 5. Qd2 Nbd7 6. e4 e5 7. b4 Qxb4 8. dxe5 dxe5 9. Nxe5 Nxe5 10. Bxe5 Be7 11. f3 0-0 12. Bd3 Be6 13. Bf4 Nh5 14. Ne2 Nxf4 15. Nxf4 Qxd2+ 16. Kxd2 Bg5 17. Ke3 f5 18. e5 Rae8 19. h4 Bh6 20. g3 Bd5 21. Kf2 Rxe5 22. Nxd5 cxd5 23. f4 Ree8 24. Rhd1 g6 25. Rab1 Re7 26. Bb5 Rc8 27. Ba4 Bg7 28. Rxd5 Bc3 29. Bb3 Kg7 30. Rbd1 Rce8 31. Rd7 Bb4 32. Rxe7+ Rxe7 33. a4 Kf6 34. Kf3 Bc5 35. Rd3 h6 36. Rc3 b6 37. Rd3 g5 38. hxg5+ hxg5 39. fxg5+ Kxg5 40. Bd5 Re1 41. c4 a5 42. Kg2 Re2+ 43. Kf1 Rf2+ 44. Ke1 Ra2 45. Bc6 Kg4 46. Bd7 Bf2+ 47. Kd1 Bxg3 48. Bxf5+ Kxf5 49. Rxg3 Rxa4 50. Rb3 Rxc4 51. Rxb6 Ke4 52. Rd6 a4 53. Rd2 a3 54. Rc2 Ra4 55. Ra2 Kd3 56. Kc1 Kc3 57. Kb1 Kb3 58. Rh2 1/2-1/2

[Event "Vitoria ECXA 1st"]
[Site "Vitoria"]
[Date "2009.01.26"]
[Round "5.3"]
[White "Schmidt, Osmar Raulino"]
[Black "Bonfim, Hudson Soares Do"]
[Result "1/2-1/2"]
[WhiteElo "1828"]
[BlackElo "1929"]
[PlyCount "82"]
[EventDate "2009.01.24"]
[EventType "tourn"]
[EventRounds "10"]
[EventCountry "BRA"]
[SourceTitle "EXT 2022"]
[Source "ChessBase"]
[SourceDate "2021.10.06"]
[SourceVersion "1"]
[SourceVersionDate "2021.10.06"]
[SourceQuality "1"]

1. d4 Nf6 2. Bf4 e6 3. Nf3 d5 4. e3 Nbd7 5. h3 c5 6. c3 c4 7. Nbd2 Qb6 8. Qc2 Bd6 9. Ne5 Qc7 10. Ndf3 Ne4 11. Nxd7 Bxf4 12. Nde5 Bxe5 13. Nxe5 Bd7 14. Nxc4 Nxf2 15. Qxf2 dxc4 16. Be2 b5 17. 0-0 Bc6 18. Bf3 0-0 19. a3 Bxf3 20. Qxf3 Rad8 21. Rf2 a5 22. Raf1 b4 23. axb4 axb4 24. cxb4 Rb8 25. Qe4 Qd7 26. Rc1 Rxb4 27. Rc3 Qb5 28. Rfc2 h6 29. Qf3 Rxb2 30. Rxb2 Qxb2 31. Rxc4 Qa1+ 32. Kh2 Qa6 33. Qc6 Qxc6 34. Rxc6 h5 35. g4 hxg4 36. hxg4 g6 37. Kg3 Rd8 38. Rc5 Kg7 39. g5 Rd7 40. Kf4 f6 41. gxf6+ Kxf6 1/2-1/2

[Event "Vitoria ECXA 1st"]
[Site "Vitoria"]
[Date "2009.01.24"]
[Round "1.2"]
[White "Silva, Rodrigo Souza"]
[Black "Schmidt, Osmar Raulino"]
[Result "0-1"]
[WhiteElo "1910"]
[BlackElo "1828"]
[PlyCount "48"]
[EventDate "2009.01.24"]
[EventType "tourn"]
[EventRounds "10"]
[EventCountry "BRA"]
[SourceTitle "EXT 2022"]
[Source "ChessBase"]
[SourceDate "2021.10.06"]
[SourceVersion "1"]
[SourceVersionDate "2021.10.06"]
[SourceQuality "1"]

1. d4 Nf6 2. c4 g6 3. Nf3 Bg7 4. Nc3 d5 5. cxd5 Nxd5 6. e4 Nxc3 7. bxc3 c5 8. Bc4 Nc6 9. Be3 Bg4 10. Bxf7+ Kf8 11. Bc4 Na5 12. Be2 cxd4 13. Ng5 dxe3 14. Qxd8+ Rxd8 15. Bxg4 Bxc3+ 16. Ke2 Rd2+ 17. Kxe3 Nc4+ 18. Kf3 Bxa1 19. Rxa1 Kg7 20. Rc1 Ne5+ 21. Ke3 Rxa2 22. Be2 Ra3+ 23. Kf4 Nc6 24. g4 Rf8+ 0-1

[Event "Estadual-ch 19th"]
[Site "Vitoria"]
[Date "2008.10.11"]
[Round "5"]
[White "Schmidt, Osmar Raulino"]
[Black "Lahud, Tarcisio Jose"]
[Result "1-0"]
[WhiteElo "1827"]
[BlackElo "1957"]
[PlyCount "65"]
[EventDate "2008.10.03"]
[EventType "swiss"]
[EventRounds "7"]
[EventCountry "BRA"]
[SourceTitle "EXT 2022"]
[Source "ChessBase"]
[SourceDate "2021.10.06"]
[SourceVersion "1"]
[SourceVersionDate "2021.10.06"]
[SourceQuality "1"]

1. d4 Nf6 2. Bf4 g6 3. Nc3 Bg7 4. e4 d6 5. Be2 0-0 6. Qd2 Nbd7 7. Bh6 e5 8. Bxg7 Kxg7 9. 0-0-0 Qe7 10. f4 exd4 11. Qxd4 Nc5 12. e5 dxe5 13. fxe5 Ne8 14. Nf3 Ne6 15. Qe3 c6 16. h4 h5 17. Ne4 N8c7 18. Nf6 Ne8 19. Nxh5+ gxh5 20. Ng5 Nxg5 21. hxg5 Bf5 22. Rxh5 Bg6 23. Rh6 Qe6 24. b3 b5 25. Bh5 a5 26. Bxg6 fxg6 27. Rdh1 Kf7 28. Rh7+ Ng7 29. Qb6 Rad8 30. Qc5 Rd5 31. Rf1+ Kg8 32. Rxg7+ Kxg7 33. Qxf8+ 1-0

[Event "BRA TR Sudeste"]
[Site "Vitoria"]
[Date "2008.05.04"]
[Round "7.24"]
[White "Alves, Job Figueiredo Silv"]
[Black "Schmidt, Osmar Raulino"]
[Result "0-1"]
[WhiteElo "1897"]
[BlackElo "1819"]
[PlyCount "88"]
[EventDate "2008.05.01"]
[EventType "swiss"]
[EventRounds "7"]
[EventCountry "BRA"]
[SourceTitle "EXT 2022"]
[Source "ChessBase"]
[SourceDate "2021.10.06"]
[SourceVersion "1"]
[SourceVersionDate "2021.10.06"]
[SourceQuality "1"]

1. e4 c5 2. Nc3 Nc6 3. g3 Nf6 4. Bg2 d6 5. d3 g6 6. Be3 Bg7 7. Nh3 e5 8. f4 b6 9. fxe5 dxe5 10. 0-0 Bg4 11. Qe1 Qd7 12. Nf2 Be6 13. Kh1 Nd4 14. Bxd4 cxd4 15. Ne2 Ng4 16. Nxg4 Bxg4 17. Ng1 0-0 18. h3 Be6 19. c4 dxc3 20. Qxc3 Rac8 21. Qd2 Rfd8 22. Rf3 Rc6 23. Kh2 Rd6 24. Bf1 Bc4 25. b3 Bxd3 26. Rxd3 Rxd3 27. Bxd3 Qxd3 28. Qxd3 Rxd3 29. Re1 Bf8 30. Re2 Bc5 31. Kg2 Bxg1 32. Kxg1 Rxg3+ 33. Kh2 Rd3 34. Kg2 Kf8 35. Kh2 Ke7 36. Kg2 Ke6 37. Kh2 f5 38. exf5+ gxf5 39. Rc2 e4 40. Rc7 e3 41. Kg2 Rd2+ 42. Kf1 f4 43. Rxa7 f3 44. Ra4 Rd1# 0-1

[Event "BRA TR Sudeste"]
[Site "Vitoria"]
[Date "2008.05.02"]
[Round "4.18"]
[White "Schmidt, Osmar Raulino"]
[Black "Dos Santos Jr, Braulio"]
[Result "0-1"]
[WhiteElo "1819"]
[BlackElo "2044"]
[PlyCount "50"]
[EventDate "2008.05.01"]
[EventType "swiss"]
[EventRounds "7"]
[EventCountry "BRA"]
[SourceTitle "EXT 2022"]
[Source "ChessBase"]
[SourceDate "2021.10.06"]
[SourceVersion "1"]
[SourceVersionDate "2021.10.06"]
[SourceQuality "1"]

1. d4 Nf6 2. Bf4 d6 3. Nf3 g6 4. Nc3 Bg7 5. e4 0-0 6. Qd2 Re8 7. 0-0-0 Nbd7 8. Bh6 c5 9. Bxg7 Kxg7 10. e5 Ng8 11. h4 h5 12. g4 hxg4 13. Ng5 cxd4 14. Qxd4 Nxe5 15. h5 gxh5 16. Rxh5 Nf6 17. Rh1 Bf5 18. Bc4 Rh8 19. Qf4 Bg6 20. Rhe1 Qc8 21. Bb3 Qf5 22. Qe3 Rh5 23. Nge4 Nxe4 24. Nxe4 Qxe4 25. Qxe4 Bxe4 0-1

[Event "BRA TR Sudeste"]
[Site "Vitoria"]
[Date "2008.05.01"]
[Round "1.10"]
[White "Chagas, Fernando Paulino"]
[Black "Schmidt, Osmar Raulino"]
[Result "1-0"]
[WhiteElo "2167"]
[BlackElo "1819"]
[PlyCount "81"]
[EventDate "2008.05.01"]
[EventType "swiss"]
[EventRounds "7"]
[EventCountry "BRA"]
[SourceTitle "EXT 2022"]
[Source "ChessBase"]
[SourceDate "2021.10.06"]
[SourceVersion "1"]
[SourceVersionDate "2021.10.06"]
[SourceQuality "1"]

1. c4 Nf6 2. Nc3 e5 3. g3 g6 4. Bg2 Bg7 5. d3 d6 6. Rb1 c6 7. Bg5 Nbd7 8. e3 h6 9. Bxf6 Nxf6 10. Nge2 Be6 11. b4 Qd7 12. b5 c5 13. b6 a6 14. Qa4 Qxa4 15. Nxa4 Rb8 16. 0-0 h5 17. Nac3 Ke7 18. Nc1 h4 19. Nb3 hxg3 20. hxg3 Bh3 21. Bxh3 Rxh3 22. Kg2 Rhh8 23. Na5 Ke6 24. Rh1 Rhd8 25. Kf3 d5 26. cxd5+ Nxd5 27. Ne4 Rdc8 28. Rh7 Bf6 29. a3 Be7 30. g4 f5 31. gxf5+ gxf5 32. Rh6+ Kd7 33. Nd2 Rf8 34. Rg1 Nc3 35. Rg7 e4+ 36. Kf4 Ke8 37. Ke5 Rd8 38. Nxb7 Rd5+ 39. Ke6 Rd7 40. Nc4 Nb5 41. Nxc5 1-0

[Event "BRA Southeast Region-ch"]
[Site "Vitoria"]
[Date "2007.06.10"]
[Round "7"]
[White "Silveira, Rogerio Zanon"]
[Black "Schmidt, Osmar Raulino"]
[Result "1/2-1/2"]
[WhiteElo "2189"]
[BlackElo "1804"]
[PlyCount "107"]
[EventDate "2007.06.07"]
[EventType "swiss"]
[EventRounds "7"]
[EventCountry "BRA"]
[SourceTitle "EXT 2022"]
[Source "ChessBase"]
[SourceDate "2021.10.06"]
[SourceVersion "1"]
[SourceVersionDate "2021.10.06"]
[SourceQuality "1"]

1. e4 c5 2. Nf3 d6 3. Bb5+ Bd7 4. Bxd7+ Nxd7 5. 0-0 Ngf6 6. Re1 e6 7. d4 Be7 8. e5 dxe5 9. dxe5 Nd5 10. c4 Nb4 11. a3 Nc6 12. b3 0-0 13. Bb2 Qc7 14. Nc3 a6 15. Qe2 Rfd8 16. Rad1 Nf8 17. Ne4 Ng6 18. Ng3 Rxd1 19. Rxd1 Rd8 20. Rxd8+ Qxd8 21. Nf1 Qd7 22. g3 Bd8 23. h4 h5 24. N3d2 Nd4 25. Qe4 Nc6 26. f4 Nge7 27. Qe2 g6 28. Ne4 Nf5 29. Kg2 b6 30. Qd2 Qxd2+ 31. Nexd2 Kf8 32. Kf2 Ke7 33. Bc3 a5 34. a4 Kd7 35. Ne3 Nce7 36. Kf3 Nxe3 37. Kxe3 Nf5+ 38. Kf3 Be7 39. Nf1 Bf8 40. Ne3 Nh6 41. Be1 Nf5 42. Bc3 Nh6 43. Ng2 Nf5 44. Kf2 Nh6 45. Kg1 Be7 46. Be1 Ng4 47. Bd2 Bd8 48. Ne1 Be7 49. Nd3 Bd8 50. Nf2 Nxf2 51. Kxf2 Ke7 52. Kf3 Kf8 53. Be1 Kg7 54. Bc3 1/2-1/2

[Event "BRA Southeast Region-ch"]
[Site "Vitoria"]
[Date "2007.06.09"]
[Round "5"]
[White "Abelha, Mozart Rosa"]
[Black "Schmidt, Osmar Raulino"]
[Result "1-0"]
[WhiteElo "2033"]
[BlackElo "1804"]
[PlyCount "73"]
[EventDate "2007.06.07"]
[EventType "swiss"]
[EventRounds "7"]
[EventCountry "BRA"]
[SourceTitle "EXT 2022"]
[Source "ChessBase"]
[SourceDate "2021.10.06"]
[SourceVersion "1"]
[SourceVersionDate "2021.10.06"]
[SourceQuality "1"]

1. e4 c5 2. Nf3 d6 3. d4 cxd4 4. Nxd4 Nf6 5. Nc3 a6 6. Be2 e5 7. Nb3 Be7 8. Be3 Be6 9. 0-0 0-0 10. f4 Qc7 11. f5 Bc4 12. Kh1 Bxe2 13. Qxe2 Nbd7 14. Rad1 Rac8 15. h3 b5 16. a3 Nc5 17. Nxc5 dxc5 18. Bg5 b4 19. Bxf6 bxc3 20. Bxe7 Qxe7 21. bxc3 c4 22. f6 gxf6 23. Qg4+ Kh8 24. Rd7 Qe6 25. Qd1 Rc6 26. Qd2 Rg8 27. Rd8 Rxd8 28. Qxd8+ Kg7 29. Rf3 Rc8 30. Rg3+ Kh6 31. Qd2+ Kh5 32. Qe2+ Kh6 33. Qe3+ Kh5 34. Rg7 Rh8 35. g4+ Kh4 36. Qf2+ Kxh3 37. Qh2# 1-0

[Event "BRA Southeast Region-ch"]
[Site "Vitoria"]
[Date "2007.06.08"]
[Round "3"]
[White "Cantarino Neto, Mario Ribeiro"]
[Black "Schmidt, Osmar Raulino"]
[Result "1-0"]
[WhiteElo "2118"]
[BlackElo "1804"]
[PlyCount "57"]
[EventDate "2007.06.07"]
[EventType "swiss"]
[EventRounds "7"]
[EventCountry "BRA"]
[SourceTitle "EXT 2022"]
[Source "ChessBase"]
[SourceDate "2021.10.06"]
[SourceVersion "1"]
[SourceVersionDate "2021.10.06"]
[SourceQuality "1"]

1. d4 Nf6 2. c4 g6 3. Nc3 d5 4. cxd5 Nxd5 5. Bd2 Bg7 6. e4 Nb6 7. Be3 e5 8. dxe5 Qxd1+ 9. Rxd1 Bxe5 10. Nf3 Bg7 11. Be2 0-0 12. 0-0 Bg4 13. Nb5 Bxf3 14. Bxf3 Na6 15. b3 c6 16. Nxa7 Nc8 17. Nxc8 Rfxc8 18. Bb6 Be5 19. Bg4 Rcb8 20. Rd7 Nb4 21. a4 f5 22. exf5 Nd5 23. Rxd5 cxd5 24. fxg6 hxg6 25. Be6+ Kg7 26. Bxd5 Rh8 27. h3 Rab8 28. Re1 Rhe8 29. Rxe5 1-0

[Event "BRA Southeast Region-ch"]
[Site "Vitoria"]
[Date "2007.06.07"]
[Round "1"]
[White "Brito, Luismar Jorge"]
[Black "Schmidt, Osmar Raulino"]
[Result "1-0"]
[WhiteElo "2275"]
[BlackElo "1804"]
[PlyCount "39"]
[EventDate "2007.06.07"]
[EventType "swiss"]
[EventRounds "7"]
[EventCountry "BRA"]
[SourceTitle "EXT 2022"]
[Source "ChessBase"]
[SourceDate "2021.10.06"]
[SourceVersion "1"]
[SourceVersionDate "2021.10.06"]
[SourceQuality "1"]

1. e4 c5 2. Nf3 d6 3. d4 cxd4 4. Qxd4 Nc6 5. Bb5 Bd7 6. Bxc6 Bxc6 7. c4 Nf6 8. Nc3 h6 9. 0-0 e6 10. b4 a6 11. a4 Be7 12. Ba3 0-0 13. Rfd1 b6 14. Rac1 Re8 15. Qe3 Qc7 16. Nd5 Qb7 17. Nxe7+ Rxe7 18. Rxd6 Nxe4 19. Rxc6 Qxc6 20. b5 1-0

[Event "Vitoria Espirito Sancto op"]
[Site "Vitoria"]
[Date "2006.12.??"]
[Round "4"]
[White "Schmidt, Osmar Raulino"]
[Black "Docekal, Bohumil"]
[Result "1-0"]
[WhiteElo "1775"]
[BlackElo "1845"]
[PlyCount "69"]
[EventDate "2006.12.??"]
[EventType "swiss"]
[EventRounds "7"]
[EventCountry "BRA"]
[SourceTitle "EXT 2014"]
[Source "ChessBase"]
[SourceDate "2013.11.20"]
[SourceVersion "1"]
[SourceVersionDate "2013.11.20"]
[SourceQuality "1"]

1. d4 e6 2. Nf3 Nf6 3. Bf4 Nc6 4. e3 d5 5. Nbd2 Bd6 6. Ne5 Bxe5 7. dxe5 Nd7 8. Qg4 g6 9. Nf3 Qe7 10. c3 Qf8 11. Bd3 Qg7 12. Qg3 Nc5 13. Bc2 Bd7 14. Bg5 Ne4 15. Bxe4 dxe4 16. Bf6 Qf8 17. Bxh8 Qxh8 18. Ng5 Nxe5 19. 0-0-0 f5 20. f4 Nd3+ 21. Kb1 0-0-0 22. Nh3 Ba4 23. Rd2 c5 24. Nf2 c4 25. Nxd3 cxd3 26. h4 Rd6 27. h5 Rb6 28. hxg6 Qxc3 29. Rc1 Bc2+ 30. Rcxc2 dxc2+ 31. Rxc2 Rxb2+ 32. Rxb2 Qd3+ 33. Rc2+ Kd7 34. Qf2 Qd1+ 35. Kb2 1-0

[Event "Vitoria op 1st"]
[Site "Vitoria"]
[Date "2006.09.07"]
[Round "1"]
[White "Teixeira, Ricardo da Silva"]
[Black "Schmidt, Osmar Raulino"]
[Result "1-0"]
[WhiteElo "2398"]
[BlackElo "1746"]
[PlyCount "47"]
[EventDate "2006.09.07"]
[EventType "swiss"]
[EventRounds "7"]
[EventCountry "BRA"]
[SourceTitle "CBM 114 Extra"]
[Source "ChessBase"]
[SourceDate "2006.11.03"]
[SourceVersion "1"]
[SourceVersionDate "2006.11.03"]
[SourceQuality "1"]

1. e4 c5 2. Nf3 d6 3. c3 Nc6 4. d4 cxd4 5. cxd4 e6 6. Nc3 Be7 7. Bf4 Nf6 8. d5 exd5 9. exd5 Nb8 10. Bb5+ Bd7 11. Bd3 0-0 12. h3 h6 13. 0-0 a6 14. Qd2 Nh7 15. Bc2 b5 16. Rfe1 a5 17. Qd3 f5 18. Nxb5 Bxb5 19. Qxb5 Nd7 20. Qe2 Ne5 21. Nxe5 dxe5 22. Qxe5 Bb4 23. Re2 Nf6 24. Qxf5 1-0

[Event "Lisbonne CEAX op 1st"]
[Site "Lisbonne"]
[Date "2006.03.10"]
[Round "1"]
[White "Schmidt, Osmar Raulino"]
[Black "Silveira, Sergio Rodrigues"]
[Result "0-1"]
[WhiteElo "1752"]
[BlackElo "2126"]
[PlyCount "134"]
[EventDate "2006.03.10"]
[EventType "swiss"]
[EventRounds "6"]
[EventCountry "BRA"]
[SourceTitle "EXT 2008"]
[Source "ChessBase"]
[SourceDate "2007.11.25"]
[SourceVersion "1"]
[SourceVersionDate "2007.11.25"]
[SourceQuality "1"]

1. d4 Nf6 2. Nf3 e6 3. Bf4 d5 4. e3 Bd6 5. Ne5 c6 6. Nd2 Qc7 7. Bg3 0-0 8. Bd3 Nbd7 9. f4 Re8 10. h4 Bf8 11. Bf2 Nxe5 12. fxe5 Nd7 13. Nf3 f6 14. Bxh7+ Kxh7 15. Ng5+ Kh6 16. Nf7+ Kg6 17. Nh8+ Kh7 18. Qh5+ Kg8 19. Ng6 Rb8 20. Bg3 f5 21. Bf4 Be7 22. Bg5 Nf8 23. Nf4 Qd7 24. 0-0-0 Bd8 25. Rdg1 Qf7 26. Qf3 Ng6 27. g4 Bxg5 28. hxg5 Nxf4 29. exf4 Qg6 30. Rh2 Kf7 31. Rgh1 Bd7 32. Qa3 fxg4 33. Qg3 Rg8 34. Qxg4 Rbf8 35. Qg3 Qe4 36. c3 Ke7 37. Rh4 Be8 38. Re1 Qf5 39. Qg4 Qxg4 40. Rxg4 Rh8 41. Rf1 Bg6 42. Rf2 Rh1+ 43. Kd2 Rfh8 44. a3 R8h2 45. Rgg2 Rxg2 46. Rxg2 Be4 47. Rf2 Kf7 48. Ke3 Rh3+ 49. Ke2 Kg6 50. a4 Kf5 51. a5 a6 52. Kd2 Rg3 53. Ke2 Rg2 54. Rxg2 Bxg2 55. Ke3 Be4 56. b3 Bb1 57. c4 Bc2 58. cxd5 cxd5 59. b4 Be4 60. Kf2 Kxf4 61. Ke2 Kxg5 62. Kf2 Kf4 63. Ke2 g5 64. Kd2 g4 65. Kc3 g3 66. b5 g2 67. Kb4 g1Q 0-1